Conservation of biodiversity and the new regional planning (Registro nro. 1339)

Detalles MARC
000 -CABECERA
Campo de control 00729nam a2200241 a 4500
005 - FECHA Y HORA DE LA ULTIMA TRANSACCION
Campo de control 20200514210704.0
008 - ELEMENTOS DE LONGITUD FIJA—INFORMACION GENERAL
Campo de control 200514b ||||| |||| 00| 0 spa d
020 ## - ISBN
ISBN 9780827035928
040 ## - FUENTE DE CATALOGACIÓN
Agencia catalogadora original CO-BoIAVH
Agencia transcriptora CO-BoIAVH
041 ## - IDIOMA
Código de idioma para texto/pista de sonido o título separado Inglés
082 ## - NUMERO DE CLASIFICACION DECIMAL DEWEY
Número de clasificación 333.72
090 ## - CLASIFICACIÓN LOCAL
Colección LB
Consecutivo 01331
100 ## - ASIENTO PRINCIPAL--NOMBRE PERSONAL
Nombre personal World Conservation Union
110 ## - ASIENTO PRINCIPAL--NOMBRE CORPORATIVO
Unidad subordinad Organization of American States
245 ## - MENCION DE TITULO
Título Conservation of biodiversity and the new regional planning
260 ## - PUBLICACION, DISTRIBUCION, ETC. (PIE DE IMPRENTA)
Lugar de publicación, distribución, etc. Washington
Nombre del editor, distribuidor, etc. OAS
-- IUCN
Fecha de publicación, distribución, etc. 1995
300 ## - DESCRIPCION FISICA
Extensión 150 p.
Dimensiones 23cm
650 ## - ASIENTO SECUNDARIO DE MATERIA - TERMINO TEMATICO
Término temático o nombre geográfico como elemento de entrada Biodiversidad
650 ## - ASIENTO SECUNDARIO DE MATERIA - TERMINO TEMATICO
Término temático o nombre geográfico como elemento de entrada Conservación de biodiversidad
700 ## - ASIENTO SECUNDARIO - NOMBRE PERSONAL
Nombre personal Saunier, Richard E.
700 ## - ASIENTO SECUNDARIO - NOMBRE PERSONAL
Nombre personal Meganck, Richard A.
942 ## - ELEMENTOS ADICIONALES (KOHA)
Tipo de ítem Libro
Sistema de clasificación Dewey Decimal Classification
Existencias
Withdrawn status Lost status Sistema de Clasificación Damaged status No para préstamo Colección Ubicación Permanente Ubicación actual Fecha de adquisición Fuente de Valor Total Checkouts Número topográfico Inventario / Código de Barras Date last seen Ejemplar Price effective from Forma de adquisición Tipo de material
    Dewey Decimal Classification     General Villa de Leyva Villa de Leyva 04/12/2012 CID-Humboldt   LB-01331 AUTO_2269 04/12/2012 Ej.1 04/12/2012 Compra Libro